| 000 | 00413nam a2200157Ia 4500 | ||
|---|---|---|---|
| 008 | 230917s9999||||xx |||||||||||||| ||und|| | ||
| 020 | _cPOU4.95 | ||
| 040 |
_e3590 _aMAIN |
||
| 041 | _aEnglish | ||
| 082 | _a320.942 A38P | ||
| 100 | _aAshford, Douglas E | ||
| 245 | 0 | _aPolicy and politics in Britain: The limits of consensus | |
| 260 |
_aOxford _bBasil Blackwell _c1981 |
||
| 300 | _axv, 330 p. | ||
| 942 | _cBK | ||
| 999 |
_c226906 _d226906 |
||